| 000 | 00442nam a2200181Ia 4500 | ||
|---|---|---|---|
| 005 | 20240313132048.0 | ||
| 008 | 131103s9999 xx 000 0 und d | ||
| 040 | _aLoreto College | ||
| 041 | _aEnglish | ||
| 082 |
_a372.942 _bRAZ |
||
| 100 | _aRazzell, Arthur | ||
| 245 | 2 |
_aA Postscript to Plowden, _cArthur Razzell |
|
| 260 |
_aLondon _bPenguin _c1968 |
||
| 300 | _a144p. | ||
| 650 | _aEducation | ||
| 850 | _aLCLIB | ||
| 942 | _cBK | ||
| 999 |
_c24429 _d74908 |
||